000 00883nam0a22002411 4500
001 rc\505502
005 20250621111922.0
035 _a(NLR Aleph) 005746200
090 _a4791316
_c4791316
100 _a20030616d1987 |||y0rusy50 ca
101 0 _arus
102 _aRU
105 _aa |||||||||
200 1 _aДолгое-долгое детство
_eПовесть
_aНе бросай огонь, Прометей!
_eТрагедия в стихах
_eПер. с башк.
_fМустай Карим
210 _aМ.
_cХудож. лит.
_d1987
215 _a333, [2] с., [1] л. портр.
_d21
225 1 _aБиблиотека произведений, удостоенных Ленинской премии
700 1 _aКарим
_bМ.
_f1919-
_gМустай
801 0 _aRU
_bNLR
_gpsbo
801 1 _aRU
_bELAR
_2rusmarc
852 _aNLR
_j87-3/1882
942 _cBOOK
980 _aNB